|
|
|
|
| LEADER |
00000nab a2200000 a 4500 |
| 001 |
vtls000679782 |
| 003 |
SK-MaSNL |
| 005 |
20260304100524.0 |
| 008 |
250425c1998 xo 0 slo |
| 015 |
|
|
|a SNBRB1998/12-33204
|
| 035 |
|
|
|a CLN000031950
|
| 035 |
|
|
|a urn:nbn:sk:snk-abbs8t
|
| 035 |
|
|
|a (urnnbn)urn:nbn:sk:snk:ar-004p4g
|
| 035 |
|
|
|a (uuid)5c4c0d7a-1d9b-4a2a-90b9-5c50f3a4bfc4
|
| 040 |
|
|
|a SNKBUCL
|b slo
|c SNKBUCL
|e AACR2
|
| 041 |
0 |
|
|a slo
|
| 044 |
|
|
|a xo
|c SK
|
| 080 |
|
|
|a 894.511-1
|2 1997
|
| 100 |
1 |
|
|a Pilinszky, János,
|d 1921-1981
|4 aut
|9 120010
|
| 245 |
1 |
0 |
|a [Básne]
|c János Pilinszky ; vybrala a preložila Mila Haugová
|
| 505 |
0 |
|
|a Obsahuje 33 básní
|
| 655 |
|
7 |
|a maďarská poézia
|2 snkbucl
|9 70602
|
| 655 |
|
7 |
|a články z novín a časopisov
|2 snkbucl
|9 267496
|
| 700 |
1 |
|
|a Haugová, Mila,
|d 1942-
|4 trl
|9 90543
|
| 773 |
0 |
|
|t Revue svetovej literatúry
|g Roč. 34, č. 3 (1998), s. 77-82
|x 0231-6269
|
| 850 |
|
|
|a Slovenská národná knižnica
|
| 852 |
|
|
|a Slovenská národná knižnica
|
| 958 |
|
|
|a article15
|
| 958 |
|
|
|a LX
|
| 958 |
|
|
|a HU
|
| 958 |
|
|
|a OND
|
| 958 |
|
|
|a EUIPO
|
| 992 |
|
|
|a RBX
|
| 999 |
|
|
|c 2838252
|d 2840182
|